000 00624nam a2200181 i 4500
001 39886
005 20230411085955.0
008 070619b1982 xx a 000 0 spa
041 0 _aspa
100 1 _aGudkov, Yuri
245 0 0 _aPor voluntad de los pueblos:
_bal formarse la Unión de Repúblicas Socialistas Sovieticas se plasmaban las ideas de Lenin /
_cYuri Gudkov.
260 _aMoscú:
_bNóvosti,
_c1982
300 _a:61 p.
500 _aConcerns the UN.
580 _aJournal also available in English: X N541; French: X N54; Russian: X N542.
650 7 _aINTERNATIONAL ORGANIZATIONS
_2unbist
942 _2lcc
_cbk
999 _c110294
_d110294